02134agaaa2200313 45000010005000000030009000050050017000140070009000310080040000400400023000800410013001031000047001161300012001632400019001752450155001942460012003492500022003612600092003833000033004755080142005085110090006505200813007405380016015535460013015696500059015827000059016417000061017007000059017618013IT-RoPAU20220918181254.0d cvaizq50131s9999||||xx ||| | || ||und|| aIT-RoPAUcIT-RoPAU aITALIANO aBergman IngmargCodice regista SPICS: 9304 aPERSONA aPERSONAgT1263 aPERSONAcProdotto da: Carlberg Lars-Owe -- Sceneggiatura: Bergman Ingmar -- Diretto da: Bergman IngmarpPERSONA (Rif. Codice opera principale : H8013) aPERSONA aEdizione Standard a(SVEZIA)bSVENSK / Distribuzione: CIAKg"1966 (1° ed.: 2007 ; Ed. Lingua Orig.: 1966)" aDVDbsonoro, col.c79 minuti a"Fotografia: Nykvist Sven; Montaggio: Ryghe Ulla; Musica: Werle Lars Johan; Sceneggiatura: Bergman Ingmar; Scenografia: Lindstrom Bibi; " a"Ullmann Liv; Andersson Bibi; Bjornstrand Gunnar; Krook Margaretha; Lindstrom Jorgen" a"L'ATTRICE ELISABETH VOGLER, DURANTE UNA RAPPRESENTAZIONE DELL'ELETTRA, HA INTERROTTO LO SPETTACOLO CHIUDENDOSI IN UN MUTISMO IMPRESSIONANTE E OSSESSIVO. VIENE AFFIDATA PER UNA CURA ALL'INFERMIERA ALMA, E LE DUE SI RECANO SOLE IN UN'ISOLA DESERTA. IL FILM NARRA QUESTA LORO COABITAZIONE, GLI SFORZI DI ALMA PER RECUPERARE ELISABETH E LO STRANO FENOMENO DEI TRANSFERT DELLA PERSONALITA' PER CUI ALMA SCOPRE DI AGIRE E DI ASSOMIGLIARE A ELISABETH CHE PERMANE NEL SUO SILENZIO MALGRADO LE PROLUNGATE CONFESSIONI DELL'INFERMIERA.LA VISIONE E' ALQUANTO PESSIMISTA, L'INCOMUNICABILITA' S'AFFERMA CON FORZAE LA PAROLA NULLA CONCLUDE QUESTO, CINEMATOGRAFICAMENTE SUPERBO, MONOLOGO A DUE. CONTENUTI SPECIALI: LIV ULLMANN E GUNNAR BJORNSTRAND PARLANO DI INGMAR BERGMAN; INTERVISTA A PIERA DETASSIS, DIRETTORE DI CIAK." aPAL, STEREO aITALIANO aDRAMMATICOeDVD-FILM [DVD]xCodice MATERIA SPICS: 9947 aBergman Ingmar e(regista)gCodice regista SPICS: 9304 aBergman Ingmar e(soggetto)gCodice Soggetto SPICS: 9304 aWerle Lars Johane(musica)gCodice Musica SPICS: 28756